000 00537nam a2200181Ia 4500
999 _c21437
_d21437
003 OSt
005 20200624095614.0
008 190216s9999||||xx |||||||||||||| ||und||
020 _a8175363339
040 _coclc
082 _a954
_bDUN/H
100 _aDunbar, George
_93149
245 0 _aA History Of India From The Earliest Times To The Present Day /
_cGeorge Dunbar
260 _bLow Price Publications,
_c2004.
_aDelhi:
300 _a632p
650 _aHistory
942 _cBK
_2ddc
_h954
_iDUN/H
_k954
_mDUN/H